000 00330nam a22001457a 4500
008 230614b ||||| |||| 00| 0 eng d
020 _a9780470042175
041 _aeng
080 _2FIFTH EDITION
_a573
082 _a573KAR
100 _a16
101 _aBIO
245 _aCELL AND MOLECULAR BIOLOGY
_cKARP.G
942 _2udc
_cBK
999 _c59973
_d59973